000 00696nam a2200205Ia 4500
001 13126
003 GE_BSU
008 181216s||||||||xx |||||||||||||| ||und||
040 _cGE_BSU
080 _a631.4
100 _aВильямс,В.Р.
245 _aСобрание сочинении в двенадцати томах.т.9. Учебно-методические работы
245 _cРед.кол.В.П.Бушинский. Ред.Т.Д.Лысенко
260 _aМосква
260 _bГосиздат сель.-хоз.лит-ры
260 _c1951
300 _a976стр.27см.фото
653 _aУчебно-методические работы
942 _cBK
999 _c46290
_d46290